25 villes les plus photographiées d'Europe - Statistiques

Statistiques générales
  • Ce quiz a été pris 375 fois
    369 depuis la dernière actualisation
  • Le résultat moyen est 14 sur 25
Statistiques - réponses
# Ville % Correct
3 Paris
100%
11 Londres
98%
1 Rome
95%
19 Berlin
94%
10 Madrid
93%
2 Barcelone
92%
21 Amsterdam
79%
12 Lisbonne
77%
5 Venise
75%
18 Athènes
73%
15 Vienne
70%
9 Prague
68%
25 Dublin
65%
8 Budapest
63%
13 Munich
61%
20 Porto
51%
7 Florence
49%
4 Istanbul
48%
6 Monaco
32%
17 Grenade
13%
14 Vérone
11%
23 Saint Sébastien
6%
24 Valencia
4%
16 Salzburg
3%
22 Fira
2%
Aucun quiz correspondant
Distribution des résultats
% des personnes avec chaque résultat
Percentile par nombre de réponses
Votre historique - résultats
Vous n’avez pas pris ce quiz depuis la dernière actualisation